|
|
|
|
| LEADER |
00000nab a2200000 ar4500 |
| 001 |
vtls010072211 |
| 003 |
SK-MaSNL |
| 005 |
20260318121712.0 |
| 008 |
100305c2008 xo |||||||| 000 b|hun |
| 015 |
|
|
|a SNBRB2010/03
|2 snkbucl
|
| 038 |
|
|
|a SNKBUCL
|
| 040 |
|
|
|a DSZK
|b slo
|c DSZK
|e AACR2
|
| 041 |
0 |
|
|a hun
|
| 044 |
|
|
|a xo
|c SK
|
| 080 |
|
|
|a 671.125
|2 2001
|
| 080 |
|
|
|a 904(439.2)-051:739.2:671.125
|2 2001
|
| 080 |
|
|
|a 739.2
|2 2001
|
| 245 |
0 |
0 |
|a Beszélgetés a magyar Szent Koronáról
|b "angyali korona, szent csillag"
|c [válaszoltt] Pap Gábor
|
| 300 |
|
|
|b Fotogr.
|
| 500 |
|
|
|a Druhý autor nie je uvedený
|
| 600 |
0 |
7 |
|a Štefan
|b I.,
|c uhorský kráľ,
|d ca 975-1038
|2 snkbucl
|9 107201
|
| 650 |
0 |
7 |
|a korunovačné klenoty
|2 snkbucl
|9 75388
|
| 650 |
0 |
7 |
|a kráľovské koruny
|2 snkbucl
|9 872521
|
| 651 |
|
7 |
|a Maďarsko
|2 SNKPHgeo
|9 16754
|
| 700 |
1 |
|
|a Pap, Gábor,
|d 1939-
|4 ive
|4 aut
|9 876846
|
| 773 |
0 |
|
|t Atelier
|g Évf. XI, sz. 4 (2008), o. 26-30
|x 1336-1678
|
| 852 |
|
|
|a SNK
|b KIS3GCP
|
| 852 |
|
|
|a DSZK
|b KIS3GCP
|
| 958 |
|
|
|a HU
|
| 958 |
|
|
|a SK
|
| 999 |
|
|
|c 3160394
|d 3162324
|